Largest Countries Containing 'S' - Statistics

General Stats
  • This quiz has been taken 428 times
  • The average score is 16 of 20
Answer Stats
km Country mi % Correct
9,526,468 United States 3,678,190
96%
17,098,242 Russia 6,601,668
95%
1,221,037 South Africa 471,445
94%
7,692,024 Australia 2,969,907
92%
1,886,068 Sudan 728,215
91%
2,149,690 Saudi Arabia 830,000
89%
505,992 Spain 195,365
87%
619,745 South Sudan 239,285
85%
1,904,569 Indonesia 735,538
84%
450,295 Sweden 173,860
84%
2,724,900 Kazakhstan 1,052,000
80%
881,912 Pakistan 340,508
80%
637,657 Somalia 246,201
80%
488,100 Turkmenistan 188,500
76%
447,400 Uzbekistan 172,700
73%
652,230 Afghanistan 251,830
70%
300,000 Philippines 120,000
63%
330,803 Malaysia 127,724
61%
582,000 Botswana 225,000
51%
587,041 Madagascar 226,658
50%
No matching quizzes found
Score Distribution
Percent of People with Each Score
Percentile by Number Answered
Your Score History
You have not taken this quiz